<?xml version="1.0" encoding="UTF-8"?>
<record
    xmlns:xsi="http://www.w3.org/2001/XMLSchema-instance"
    xsi:schemaLocation="http://www.loc.gov/MARC21/slim http://www.loc.gov/standards/marcxml/schema/MARC21slim.xsd"
    xmlns="http://www.loc.gov/MARC21/slim">

  <leader>03116nam a2200277   4500</leader>
  <controlfield tag="001">ESSALUD</controlfield>
  <controlfield tag="005">20260701121035.0</controlfield>
  <controlfield tag="007">ta</controlfield>
  <controlfield tag="008">      t        pe ||||| |||| 00| 0 spa d</controlfield>
  <datafield tag="040" ind1=" " ind2=" ">
    <subfield code="a">BMG</subfield>
  </datafield>
  <datafield tag="041" ind1=" " ind2=" ">
    <subfield code="a">spa</subfield>
  </datafield>
  <datafield tag="100" ind1=" " ind2=" ">
    <subfield code="a">Peralta Tripul, Gabriel </subfield>
    <subfield code="e">Autor</subfield>
    <subfield code="9">50806</subfield>
  </datafield>
  <datafield tag="245" ind1=" " ind2=" ">
    <subfield code="a">El rol del defensor p&#xFA;blico de Familia en la materializaci&#xF3;n del principio protector de menores y personas vulnerables "Casos de &#xE9;xito"</subfield>
  </datafield>
  <datafield tag="246" ind1=" " ind2=" ">
    <subfield code="a">The role of the public Family defender in the materialization of the protective principie for minors and vulnerable persons "Success cases"</subfield>
  </datafield>
  <datafield tag="300" ind1=" " ind2=" ">
    <subfield code="a">p&#xE1;ginas 46-61</subfield>
  </datafield>
  <datafield tag="520" ind1=" " ind2=" ">
    <subfield code="a">El autor postula que el Defensor P&#xFA;blico de Familia act&#xFA;a como un intermediario entre la aplicaci&#xF3;n efectiva del principio protector de menores y personas vulnerables en el &#xE1;mbito familiar. Para ello desarrolla al "principio protector" y lo distribuye en cuatro "sub-principios": a) principio del inter&#xE9;s superior del ni&#xF1;o; b) principio de solidaridad familiar; c) principio protector del adulto mayor; y, d) principio protector de la persona con discapacidad. M&#xE1;s all&#xE1; del reconocimiento constitucional de dicho principio, el autor demuestra que este se materializa en la pr&#xE1;ctica judicial a trav&#xE9;s de la intervenci&#xF3;n activa del defensor, quien articula la tutela de los derechos fundamentales de los sujetos de especial protecci&#xF3;n. Este an&#xE1;lisis se sustenta en la experiencia pr&#xE1;ctica del autor y casos de &#xE9;xito que fueron patrocinados en la Defensa P&#xFA;blica, a fin de evidenciar que la actuaci&#xF3;n del Defensor P&#xFA;blico de Familia garantiza el acceso a la justicia de los sujetos m&#xE1;s vulnerables.</subfield>
  </datafield>
  <datafield tag="520" ind1=" " ind2=" ">
    <subfield code="a">The author posits that the Public Family Defender acts as an intermediary far the effective application of the protective principle for minors and vulnerable persons within the Family sphere. To this end, develops the concept of the "protective principle" categorizing it into four "sub -principles": a) the principle of the best interests of the child; b} the principle of family solidarity; c) the protective principle for the elderly; and d) the protective principle far persons with disabilities. Beyond the constitutional recognition of this principle, the author demonstrates that it materializes in judicial practice through the active intervention of the defender, who articulates the protection of the fundamental rights of subjects requiring special protection. This analysis is supported by the author&#x2019;s practical experience and success cases sponsored by the Public Defense Service, aiming to evidence that the actions of the Public Family Defender guarantee access to justice far the most vulnerable individuals.</subfield>
  </datafield>
  <datafield tag="650" ind1=" " ind2=" ">
    <subfield code="a">DEFENSA P&#xDA;BLICA</subfield>
    <subfield code="9">53049</subfield>
  </datafield>
  <datafield tag="650" ind1=" " ind2=" ">
    <subfield code="a">PRINCIPIO PROTECTOR</subfield>
    <subfield code="9">53050</subfield>
  </datafield>
  <datafield tag="650" ind1=" " ind2=" ">
    <subfield code="a">SUJETOS VULNERABLES</subfield>
    <subfield code="9">53051</subfield>
  </datafield>
  <datafield tag="650" ind1=" " ind2=" ">
    <subfield code="a">PUBLIC DEFENSE </subfield>
    <subfield code="9">53052</subfield>
  </datafield>
  <datafield tag="650" ind1=" " ind2=" ">
    <subfield code="a">PROTECTIVE PRINCIPLE</subfield>
    <subfield code="9">53053</subfield>
  </datafield>
  <datafield tag="650" ind1=" " ind2=" ">
    <subfield code="a">VULNERABLE SUBJECTS</subfield>
    <subfield code="9">53054</subfield>
  </datafield>
  <datafield tag="773" ind1="0" ind2=" ">
    <subfield code="0">22573</subfield>
    <subfield code="9">22621</subfield>
    <subfield code="d">Lima Grupo Praxis Formaci&#xF3;n Profesional, 2026-</subfield>
    <subfield code="o">PRA002</subfield>
    <subfield code="t">Praxis Civil &amp; Procesal Civil</subfield>
    <subfield code="w">ESSALUD</subfield>
    <subfield code="x">3119-7671</subfield>
  </datafield>
  <datafield tag="942" ind1=" " ind2=" ">
    <subfield code="c">ARTICULOS</subfield>
    <subfield code="e">2026-07-01</subfield>
    <subfield code="z">sqb</subfield>
  </datafield>
  <datafield tag="999" ind1=" " ind2=" ">
    <subfield code="c">22595</subfield>
    <subfield code="d">22595</subfield>
  </datafield>
</record>
